Faith and Humanism (Record no. 10)

MARC details
000 -CABECERA
campo de control de longitud fija 00828nam a2200217 a 4500
001 - NÚMERO DE CONTROL
campo de control BRCA_10
005 - FECHA Y HORA DE LA ÚLTIMA TRANSACCIÓN
campo de control 20190320202836.0
008 - DATOS DE LONGITUD FIJA--INFORMACIÓN GENERAL
campo de control de longitud fija 020628s2002 alua---##b---#000-0#eng-#
020 ## - NÚMERO INTERNACIONAL ESTÁNDAR DEL LIBRO
Número Internacional Estándar del Libro 0892800380
050 #4 - SIGNATURA TOPOGRÁFICA DE LA BIBLIOTECA DEL CONGRESO
Número de clasificación NE654.D9
Número de documento/Ítem .D97 2002
100 1# - ENTRADA PRINCIPAL--NOMBRE DE PERSONA
Nombre de persona Dürer, Albrecht
Fechas asociadas al nombre 1471-1528
9 (RLIN) 48
245 10 - MENCIÓN DE TÍTULO
Título Faith and Humanism
Resto del título Engravings and Woodcuts
Mención de responsabilidad, etc. by Albrecht Dürer.
260 ## - PUBLICACIÓN, DISTRIBUCIÓN, ETC.
Lugar de publicación, distribución, etc. [Montgomery, Alabama]
Nombre del editor, distribuidor, etc. Montgomery Museum of Fine Arts
Fecha de publicación, distribución, etc. 2002
300 ## - DESCRIPCIÓN FÍSICA
Extensión 119 p.
Otras características físicas il.
Dimensiones 28 cm.
500 ## - NOTA GENERAL
Nota general Catálogo de la exposición realizada en el Montgomery Museum of Fine Arts, (Montgomery, Alabama), 14 septiembre - 20 octubre, 2002
504 ## - NOTA DE BIBLIOGRAFÍA, ETC.
Nota de bibliografía, etc. Bibliografía: p. 116-117
600 14 - PUNTO DE ACCESO ADICIONAL DE MATERIA--NOMBRE DE PERSONA
Nombre de persona Alberto Durero
Fechas asociadas al nombre 1471-1528
Subdivisión de forma Exposiciones
9 (RLIN) 49
653 0# - TÉRMINO DE INDIZACIÓN--NO CONTROLADO
Término no controlado Alberto Durero - Grabado Alemán
710 2# - PUNTO DE ACCESO ADICIONAL--NOMBRE DE ENTIDAD CORPORATIVA
Nombre de entidad corporativa o nombre de jurisdicción como elemento de entrada Montgomery Museum of Fine Arts
9 (RLIN) 50
942 ## - ELEMENTOS DE PUNTO DE ACCESO ADICIONAL (KOHA)
Fuente del sistema de clasificación o colocación Library of Congress Classification
Tipo de ítem Koha Libros
Holdings
Estado de retiro Estado de pérdida Estado dañado No para préstamo Localización permanente Ubicación/localización actual Fecha de adquisición Total de préstamos Signatura topográfica completa Código de barras Fecha visto por última vez Precio válido a partir de Tipo de ítem Koha
El ejemplar forma parte de la colección y puede ser consultado según las políticas vigentes.       Biblioteca del Museo Franz Mayer (Rogerio Casas-Alatriste) Biblioteca del Museo Franz Mayer (Rogerio Casas-Alatriste) 24/06/2008   NE654.D9 .D97 2002 00007_1 23/03/2019 23/03/2019 Libros